000 00433nam a2200169Ia 4500
003 GCL
008 140319s9999 xx 000 0 eng d
040 _aGCL /
_cGCL
082 0 4 _a297.03
_bN P
100 1 _aNETTON, IAM RICHARD
245 1 0 _aA POPULAR DICTIONARY OF ISLAM /
_cNETTON, IAM RICHARD
260 _a[S.N] :
_bCURZON PRESS ،
_c1992
300 _a279 P
650 0 4 _aنجد
650 0 4 _aDICTIONARIES
942 _2ddc
_cBK
999 _c11483
_d11483